000 00711nam a2200205Ia 4500
003 GCL
008 140319s9999 xx 000 0 ara d
040 _aGCL /
_cGCL
082 0 4 _a301.363
_bم م
100 1 _aالمنظمة العربية للتربية والثقافة
245 1 0 _aالمواطن والبلدية فى خدمة المدينة العربية /
_cالمنظمة العربية للتربية والثقافة
700 1 _aمنظمة المدن العربية
300 _a547 ص
490 _a
650 0 4 _aتخطيط المدن
650 0 4 _aالمدن العربية
650 0 4 _aالاجتماع الحضرى، علم
650 0 4 _aالمدن - تجميل
942 _2ddc
_cBK
999 _c37894
_d37894